000 00251nam a2200097Ia 4500
008 240331s9999 xx 000 0 und d
082 _bSCH
100 _aSchrlivers, J
245 4 _aThe violence of "development" :
_ba choice for intellectuals
942 _cL
999 _c1388
_d1388